00507nam a2200145Ia 4500008004000000082001600040100002700056245006000083260003900143300001200182690001500194906001100209999001700220952012400237210210b1990 xxu||||| |||| 00| 0 eng d a302.23 MAHC aMAHAJAN (Kamlesh), Ed. aCommunication and society: the emerging human concerns. aNDbClassical Publishing Co.c1990 axvi,304 aJournalism a051541 c99617d99617 001040708SociologyaALbALcSociologyd2021-02-17g0.00l0o302.23 MAHCp051541r2021-02-17 00:00:00w2021-02-17yBK